000 00933nam a22002897a 4500
003 dpl
005 20240529120635.0
008 240305b |||||||| |||| 00| 0 eng d
010 _aENG-139541 ENG-140533-34
020 _a9788181715753
_c1541.00
035 _aEN-123073
035 _aEN-124065
035 _aEN-124066
037 _bDBAD
040 _c.
082 _a577.68095492
100 _aChandra, Kailash
_962808
245 _aFaunal Diversity of Biogeographic Zones of India:
_bDesert/
_cBy Kailash Chandra...[et.al]
260 _aKolkata
_bZoological Survey of India
_c2021
270 _aPrani Vigyan Bhawan, M-Block, New Alipore
_bKolkata
_e700053
300 _a160.Pages
_c30cm,(hb)
700 _aDevanshu Gupta
_962809
_eAuthor
700 _aC.Raghunathan
_962810
_eAuthor
700 _aSanjeev Kumar
_962811
_eAuthor
700 _aJagdish Saini
_962818
942 _2ddc
_cEN
_h577.68095492
_mCHA
999 _c201235
_d201235